00529nam a22001937a 450000500170000001000100001702000100002703500100003703700160004704000120006308200130007510000170008824500570010526000750016227000250023730000210026265000370028365000150032020170124110112.0 a66929 c00.00 a66929 bCen Lib/Ret aDPLbEN a920bJAG aJagjit Singh aSome eminent :cby Jagjit SinghbIndian scientists / aDelhibMinistry of Information and Broadcasting, Govt. of India c1970 bDelhiaPatiala House a159p. c20cm(Hb) aScientists -- India -- Biography aScientists